000 00810nam a22003257a 4500
003 OSt
005 20211109163208.0
008 211109b |||||||| |||| 00| 0 eng d
040 _c311624
049 _aEM0000016360
056 _aYMY
090 _a235.311
090 _bP928L
090 _cv.1-4
100 _aPCUSA
245 _aLetters of PCUSA (1864-1910)
_dPCUSA
_n1-4
260 _b미간행자료
300 _ap.
_c28cm
505 _av.1: (1864, 1901) v.2: Korea Letters PCUSA(1884-1910) v.3: (1901-1906) v.4: (1901-1902)
541 _a이만열문고
563 _a자료
653 _a선교문서
653 _a선교편지
653 _a서신
653 _a미북장로교
653 _a미북장로회
653 _a한국선교
653 _a선교사
942 _2ddc
_cBK
999 _c9379
_d9379